00526 a2200145 4500001000700000041000800007250001200015300001100027490002500038830002500063040002500088245010700113260002700220700013300247105302 apor aNew ed. a193 p. aDaily practice books aDaily practice books aBR-BrIDEAcBR-BrIDEA10aDaily readingbcomprehension. Grade 5c Joy Evans, Jo Ellen Moore, Marilyn Evans editorial development a[S.l.bEvan-Moorc2010 aJoy Evans, Jo Ellen Moore, Marilyn Evanseeditorial developmentaeditorial development, Joy Evans, Jo Ellen Moore, Marilyn Evans